000 00320nam a2200133Ia 4500
008 240624s9999 xx 000 0 und d
041 _aeng
082 _a658.4022 EDM
100 _aEDMONDSON AMY C
245 _aTEAMING TO INNOVATE
260 _c2013
_aSan Francisco
_bJossey-Bass
300 _a136 : p.
365 _c
_b25
999 _c23610
_d23610